00329nam a2200133Ia 4500008004100000041000800041082001400049100002000063245003600083250001400119260003900133300001600172365000700188240624s9999 xx 000 0 und d aeng a004.6 COM aCOMER DOUGLAS E aINTERNETWORKING WITH TCP IP III a(2nd ed.) c2004aNew DelhibPearson Education axxvi, : 519 cRS